Ljubljana Urban Settlements - Statistics

General Stats
  • This quiz has been taken 16 times
  • The average score is 34 of 152
Answer Stats
Hint Answer % Correct
Rudnik
100%
Center
89%
Šiška
89%
Bežigrad
78%
BTC
67%
Črnuče
67%
Fužine
67%
Moste
67%
Šentvid
67%
Stožice
67%
Vič
67%
Bizovik
56%
IC Industrijska cona Šiška
56%
Ježica
56%
Koseze
56%
Polje
56%
Prule
56%
Tivoli
56%
Trnovo
56%
Vrhovci
56%
Dravlje
44%
Golovec
44%
Kodeljevo
44%
Mirje
44%
Podutik
44%
Poljane (Center)
44%
Poljane (Šentvid)
44%
Pržan
44%
Rakova jelša
44%
Rožnik / Šišenski hrib
44%
Sostro
44%
Vižmarje
44%
Žale
44%
Barje
33%
Bavarski dvor
33%
Brdo
33%
Brinje
33%
Črna vas
33%
Dolgi most
33%
IC Industrijska cona Vič
33%
Jarše
33%
Kapucinsko predmestje / Kongresni trg
33%
Kleče
33%
Ledina
33%
Murgle
33%
NS Nakupovalno središče Rudnik
33%
Nove Jarše
33%
Rožna dolina
33%
Savlje
33%
Sneberje
33%
Spodnja Šiška
33%
Štepanja vas
33%
Štepanjsko naselje
33%
Tacen
33%
Vodmat
33%
Zalog
33%
Zgornja Šiška
33%
Zgornji Kašelj
33%
Ajdovščina
22%
Bokalce
22%
Brod
22%
Gunclje
22%
IC Industrijska cona Črnuče
22%
IC Industrijska cona Moste
22%
Kosovo polje
22%
Mestni log
22%
NS Nakupovalno središče Vič
22%
Nove Fužine
22%
Ruski car
22%
Spodnja Hrušica
22%
Spodnji Kašelj
22%
Tomačevo
22%
Biološko središče
11%
Blatna vas
11%
Bonifacija
11%
Galjevica
11%
Glince
11%
Gmajna
11%
Gradišče
11%
Grba
11%
Grič
11%
Hradeckega vas / Hradeckega ulica
11%
Ježa
11%
Kamna Gorica
11%
Kolezija
11%
Kolodvor
11%
Kozarje
11%
Krakovo
11%
Majland
11%
Mala vas
11%
Mostec
11%
Nadgorica
11%
Na jami
11%
Nove Stožice
11%
Novo Brdo
11%
Novo Polje
11%
Obrije
11%
Rakovnik
11%
Savsko naselje
11%
Šentjakob ob Savi
11%
Sibirija
11%
Stara Ljubljana
11%
Tabor
11%
Vevče
11%
Žeje
11%
Zelena jama
11%
Zgornja Hrušica
11%
Zupančičeva jama
11%
Črnuška gmajna
0%
Dobrava pri Črnučah
0%
Dobrunje
0%
Dolnice
0%
Draveljska gmajna
0%
Ferantov vrt
0%
Friškovec
0%
Gmajnice
0%
Gornji Rudnik
0%
Hrastje
0%
Ilovica
0%
IC Industrijska cona Ježa
0%
Karlovško predmestje
0%
Klinični center
0%
Kravja dolina
0%
Križavka
0%
Kurja vas
0%
Ljubljanski grad
0%
London
0%
Nova Grbina
0%
Nove Poljane
0%
Novi Zalog
0%
Podboršt
0%
Podgora
0%
Podgorica pri Črnučah
0%
Pod Ježo
0%
Selo
0%
Šentpetersko predmestje
0%
Slape
0%
Šmartno ob Savi
0%
Šmartno pod Šmarno goro
0%
Spodnja Zadobrova
0%
Spodnje Črnuče
0%
Spodnje Savlje
0%
Spodnji Rudnik
0%
Stegne
0%
Studenec
0%
Svetokriški okraj
0%
Trata
0%
Vrtača
0%
Zadvor
0%
Zapuže
0%
Zgornja Zadobrova
0%
Žuleva vas
0%
No matching quizzes found
Score Distribution
Percent of People with Each Score
Percentile by Number Answered
Your Score History
You have not taken this quiz